| 000 | 00833nam a22002897a 4500 | ||
|---|---|---|---|
| 001 | 000370 | ||
| 003 | DO-SdBNP | ||
| 005 | 20221114083441.0 | ||
| 007 | 000370 | ||
| 008 | 160706b2009 sp || 00| 0 spa d | ||
| 020 | _a9788497645553 | ||
| 040 |
_aBPMSU _bspa _cBPMSU |
||
| 082 | 4 |
_a823 _bS847i 2009 _222 |
|
| 100 | 1 |
_aStevenson, Robert Louis, _d1850-1894. |
|
| 245 | 1 | 0 |
_aLa Isla Del Tesoro / _cRobert Louis Stevenson. |
| 260 |
_aMadrid : _bEdimat Libros, _c2009. |
||
| 300 |
_a332 p. ; _c19 cm. |
||
| 490 | 0 | _aClásicos de la literatura | |
| 534 |
_aTítulo original : _tTreasure Island. |
||
| 590 | _6Inventariado, 2022/VM | ||
| 600 |
_aStevenson, Robert Louis _d1850-1894. |
||
| 650 | 4 | _a Novela inglesa | |
| 650 | 4 | _aNovela de aventuras | |
| 650 | 4 |
_aTesoros _vNovela |
|
| 910 | _aVMateo V. /Validado | ||
| 942 |
_2ddc _cBK |
||
| 999 |
_c10739 _d10739 |
||